Les principaux ports de pêche en France - Statistiques

Statistiques générales
  • Ce quiz a été pris 186 fois
    131 depuis la dernière actualisation
  • Le résultat moyen est 11 sur 35
Statistiques - réponses
Département Initiale Port % Correct
29 B Brest
74%
59 D Dunkerque
69%
56 L Lorient
68%
17 LR La Rochelle
63%
35 SM Saint-Malo
60%
50 C Cherbourg
52%
62 BSM Boulogne-sur-Mer
50%
76 D Dieppe
49%
33 A Arcachon
48%
29 C Concarneau
46%
34 S Sète
45%
85 LSDO Les Sables-d'Olonne
43%
64 SJDL Saint-Jean-de-Luz
43%
29 D Douarnenez
37%
76 F Fécamp
37%
17 R Royan
36%
56 Q Quiberon
31%
85 N Noirmoutier
27%
85 SGCDV Saint-Gilles-Croix-de-Vie
26%
44 LC Le Croisic
24%
29 R Roscoff
24%
85 Y Yeu
24%
22 E Erquy
20%
29 LG Le Guilvinec
20%
11 PLN Port-la-Nouvelle
20%
14 PEB Port-en-Bessin
18%
44 LT La Turballe
17%
29 SG Saint-Guénolé
15%
29 A Audierne
13%
22 SQp Saint-Quay-Portrieux
12%
29 L Loctudy
11%
34 LGDA Le Grau-d'Agde
8%
14 G Grandcamp
7%
17 LCO La Cotinière-Oléron
6%
22 LDLM Loquivy-de-la-mer
0%
Aucun quiz correspondant
Distribution des résultats
% des personnes avec chaque résultat
Percentile par nombre de réponses
Votre historique - résultats
Vous n’avez pas pris ce quiz depuis la dernière actualisation